00531nam a2200157 i 4500001000300000245009100003260003300094300002600127500001700153504003600170040000800206041000800214080001200222008004100234856009800275bg 0aGermetizacija polimernymi materialami v radioelektronike /c[Aut. B. M. Tareev i in.]. aMoskva :b"Energija",c1974. as. 302 :brys., tabl. a[Alf. ros.]. a[Zawiera bibliogr. s. 289-301]. cBPK apol a621.396 s pl f |000 0 pol  uhttp://koha.tu.koszalin.pl/cgi-bin/koha/opac-detail.pl?biblionumber=26500yKatalog online BPK